000 00276nam a2200109Ia 4500
008 200302s9999 xx 000 0 und d
100 _aB. Givoni
245 _aMan Climate and Architecture 2nd ed.
260 _bApplied Scienec Publishers Ltd.
260 _c1981
300 _a483 P.,
999 _c371
_d371